LEADER 00985nam a22002771i 4500 001 991000774639707536 005 20040130160005.0 008 040220s1993 it a||||||||||||||||ita 020 $a8845205118 035 $ab1266862x-39ule_inst 035 $aARCHE-066696$9ExL 040 $aDip.to Scienze pedagogiche$bita$cA.t.i. Arché s.c.r.l. Pandora Sicilia s.r.l. 082 04$a843 100 1 $aSaint-Exupery, Antoine :$cde$0168437 245 13$aIl piccolo principe /$cAntoine de Saint-Exupéry 250 $a26. ed. 260 $aMilano :$bBompiani,$c1993 300 $aXVIII, 128 p. :$bill. ;$c19 cm 490 0 $aTascabili Bompiani. Ragazzi ;$v1 765 0 $tpetit prince 907 $a.b1266862x$b09-04-18$c17-03-04 912 $a991000774639707536 945 $aLE022 MP 70 H 1$g1$i2022000058568$lle022$o-$pE0.00$q-$rl$s- $t0$u6$v0$w6$x0$y.i1317695x$z17-03-04 996 $aPiccolo principe$9273756 997 $aUNISALENTO 998 $ale022$b17-03-04$cm$da $e-$fita$git $h3$i1 LEADER 02264nam 2200493 450 001 9910828941803321 005 20230824214659.0 010 $a1-5231-2790-2 010 $a1-119-60558-X 010 $a1-119-60553-9 010 $a1-119-60566-0 035 $a(CKB)4100000008780154 035 $a(MiAaPQ)EBC5838460 035 $a(OCoLC)1107066073 035 $a(EXLCZ)994100000008780154 100 $a20190817d2019 uy 0 101 0 $aeng 135 $aurcnu|||||||| 181 $ctxt$2rdacontent 182 $cc$2rdamedia 183 $acr$2rdacarrier 200 10$aAdhesives for wood and lignocellulosic materials /$fRamamurtinanda Kumar and Antonio Pizzi 210 1$aHoboken, New Jersey :$cScrivener Publishing :$cWiley,$d2019. 215 $a1 online resource (518 pages) 225 0 $aTHEi Wiley ebooks. 311 $a1-119-60543-1 320 $aIncludes bibliographical references and index. 330 $a"The book is a comprehensive treatment of the subject covering a wide range of subjects uniquely available in a single source for the first time. A material science approach has been adopted in dealing with wood adhesion and adhesives. The approach of the authors was to bring out hierarchical cellular and porous characteristics of wood with polymeric cell wall structure, along with the associated non-cell wall extractives, which greatly influence the interaction of wood substrate with polymeric adhesives in a very unique manner not existent in the case of other adherends. Environmental aspects, in particular formaldehyde emission from adhesive bonded wood products, has been included. A significant feature of the book is the inclusion of polymeric matrix materials for wood polymer composites"--$cProvided by publisher. 606 $aWood$xBonding 606 $aAdhesives 606 $aEngineered wood 615 0$aWood$xBonding. 615 0$aAdhesives. 615 0$aEngineered wood. 676 $a668/.3 700 $aKumar$b Ramamurtinanda$01706515 702 $aPizzi$b A$g(Antonio),$f1946- 801 0$bMiAaPQ 801 1$bMiAaPQ 801 2$bMiAaPQ 906 $aBOOK 912 $a9910828941803321 996 $aAdhesives for wood and lignocellulosic materials$94093979 997 $aUNINA